Competing for clients in the 90s (Record no. 28403)

MARC details
000 -LEADER
fixed length control field 00367nam a2200157Ia 4500
020 ## - INTERNATIONAL STANDARD BOOK NUMBER
ISBN 1- 55738- 230- 1
050 ## - CALL MARK
Classification number HD 8038 .M373/
100 ## - STATEMENT OF RESPONSIBILITY--MAIN AUTHOR NAME
Personal name Bruce W. Marcus
245 #0 - TITLE STATEMENT
Title Competing for clients in the 90s
260 ## - PUBLICATION, DISTRIBUTION, ETC. (IMPRINT)
Name of publisher Probus
260 ## - PUBLICATION, DISTRIBUTION, ETC. (IMPRINT)
Year of publication 1992
300 ## - PHYSICAL DESCRIPTION
Number of Pages 408 p
942 ## - ADDED ENTRY ELEMENTS (KOHA)
Koha item type Books
Holdings
Withdrawn status Lost status Source of classification or shelving scheme Damaged status Not for loan Permanent Location Current Location Date acquired Accession Number Price effective from Koha item type
    Library of Congress Classification     NILE UNIVERSITY OF NIGERIA - MAIN LIBRARY NILE UNIVERSITY OF NIGERIA - MAIN LIBRARY 04/23/2025 0003267 04/23/2025 Books